|
|
|
|
| LEADER |
00000nab a2200000 a 4500 |
| 001 |
vtls000119196 |
| 003 |
SK-MaSNL |
| 005 |
20260304215612.0 |
| 008 |
111104c1982 xo 0 slo |
| 015 |
|
|
|a SNBRB19rr/mm-uuuuu
|
| 035 |
|
|
|a CL0129301
|
| 040 |
|
|
|a SNKBUCL
|b slo
|c SNKBUCL
|e AACR2
|
| 041 |
0 |
|
|a slo
|
| 044 |
|
|
|a xo
|c SK
|
| 080 |
|
|
|a 792.071
|2 1981
|
| 080 |
|
|
|a 929 Gregor, Martin
|2 1981
|
| 100 |
1 |
|
|a Ťapajová, Elena,
|d 1944-2023
|4 aut
|9 5234
|
| 245 |
1 |
0 |
|a Posledný rozhovor
|b Za zaslúžilým umelcom Martinom Gregorom
|c Elena Ťapajová
|
| 300 |
|
|
|b Obr. 1.
|
| 600 |
1 |
7 |
|a Gregor, Martin,
|d 1906-1982
|2 snkbucl
|9 111270
|
| 655 |
|
7 |
|a články z novín a časopisov
|2 snkbucl
|9 267496
|
| 773 |
0 |
|
|t Sloboda
|g Roč. 37, č. 29 (15. 7. 1982), s. 9
|
| 850 |
|
|
|a Slovenská národná knižnica v Martine
|a MTA001
|
| 852 |
|
|
|a SNK
|b KIS3GCP
|
| 958 |
|
|
|a RK
|
| 992 |
|
|
|a RBX
|
| 999 |
|
|
|c 3147344
|d 3149274
|